000
00278nam a22001217a 4500
008
181023b xxu||||| |||| 00| 0 eng d
041
_a
eng
080
_a
316
100
_a
50
101
_a
SOC
245
_a
Dimensions of Human Society and Culture
_c
Raha,M,K
942
_2
udc
_c
BK
999
_c
50682
_d
50682